Devinez la Capitale Mystère #50 - Statistiques

Statistiques générales
  • Ce quiz a été pris 184 fois
  • Le résultat moyen est 26 sur 33
Statistiques - réponses
Type de Réponse Réponse % Correct
Lettre de l'Alphabet I
100%
Lettre Trouvée R
100%
Lettre Trouvée A
99%
Lettre de l'Alphabet N
99%
Lettre de l'Alphabet E
96%
Lettre de l'Alphabet B
95%
Lettre de l'Alphabet O
95%
Lettre de l'Alphabet P
95%
Lettre Trouvée S
95%
Lettre de l'Alphabet L
93%
Lettre de l'Alphabet D
90%
Lettre Trouvée M
90%
Lettre Bien Placée A
88%
Lettre de l'Alphabet T
88%
Lettre de l'Alphabet U
85%
Lettre de l'Alphabet K
84%
Lettre Bien Placée R
84%
Lettre de l'Alphabet C
80%
Lettre de l'Alphabet G
80%
Lettre Bien Placée A
78%
Lettre de l'Alphabet H
77%
Lettre Bien Placée A
71%
Lettre de l'Alphabet W
71%
Lettre de l'Alphabet V
70%
Lettre Bien Placée M
69%
Lettre de l'Alphabet Y
65%
Lettre de l'Alphabet X
63%
Lettre de l'Alphabet J
62%
Lettre Bien Placée S
58%
Lettre de l'Alphabet F
56%
Lettre de l'Alphabet Q
56%
Lettre de l'Alphabet Z
56%
Capitale Mystère Asmara
52%
Aucun quiz correspondant
Distribution des résultats
% des personnes avec chaque résultat
Percentile par nombre de réponses
Votre historique - résultats
Vous n’avez pas pris ce quiz